skbl

Dr Suryya Kumar Bhuyan Library Web-OPAC
ডঃ সূৰ্য্য
কুমাৰ ভূঞা পুথিভঁৰাল ৱেব-অ'পেক

All Research Scholars are advised to clear the annual library fees to continue using Library Resources, Remote Access, Plagiarism Test and Library Clearance.

Cotton University Book Fair 2026

Kavyaprakasha of Mammat with Rahasyabodhini Hindi Commentary / (Record no. 33377)

MARC details
000 -LEADER
fixed length control field 00751nam a2200253Ia 4500
001 - CONTROL NUMBER
control field 33395
005 - DATE AND TIME OF LATEST TRANSACTION
control field 20240114001645.0
007 - PHYSICAL DESCRIPTION FIXED FIELD--GENERAL INFORMATION
fixed length control field ta
008 - FIXED-LENGTH DATA ELEMENTS--GENERAL INFORMATION
fixed length control field 061220s1997 g b000 u u
040 ## - CATALOGING SOURCE
Original cataloging agency Cotton College,Assam
082 ## - DEWEY DECIMAL CLASSIFICATION NUMBER
Classification number 891.21
Item number Ma 31 Ka
100 ## - MAIN ENTRY--PERSONAL NAME
Personal name Musalgonkar, Gajanan Shastri .
245 #0 - TITLE STATEMENT
Title Kavyaprakasha of Mammat with Rahasyabodhini Hindi Commentary /
Statement of responsibility, etc. Gajanan Shastri Musalgonkar.
Medium Textual Documents
250 ## - EDITION STATEMENT
Edition statement 1st ed. /
260 ## - PUBLICATION, DISTRIBUTION, ETC.
Place of publication, distribution, etc. Varanasi :
Name of publisher, distributor, etc. Krishnadas Academy ,
Date of publication, distribution, etc. 1997.
300 ## - PHYSICAL DESCRIPTION
Extent 1284p. ;
Dimensions 22cm.
653 ## - INDEX TERM--UNCONTROLLED
Uncontrolled term Sanskrit literature
653 ## - INDEX TERM--UNCONTROLLED
Uncontrolled term PG-Sanskrit
700 ## - ADDED ENTRY--PERSONAL NAME
Personal name Khanduri, Satyanarayan Shastri .
942 ## - ADDED ENTRY ELEMENTS (KOHA)
Source of classification or shelving scheme Dewey Decimal Classification
Koha item type Books
Holdings
Withdrawn status Lost status Damaged status Not for loan Collection Home library Current library Date acquired Coded location qualifier Total checkouts Full call number Barcode Date last seen Copy number Price effective from Koha item type
          Dr. Suryya Kumar Bhuyan Library Dr. Suryya Kumar Bhuyan Library 01/02/2012 00000   891.21 Ma 31 Ka 585/San 14/01/2024 2 01/02/2012 Books
          Dr. Suryya Kumar Bhuyan Library Dr. Suryya Kumar Bhuyan Library 01/02/2012 00000   891.21 Ma 31 Ka 584/San 14/01/2024 1 01/02/2012 Books

Designed and Maintained by Team SKBL
©1901-2026

Powered by Koha